00469 2200193 4500001002100000005001500021035002000036007000300056008004100059020001800100082001300118084001900131100001800150245004100168260003100209856001700240990000900257990000900266INLIS00000000000165920230220095641 a0010-0223000120ta230220 g 0 ind  a9789790500242 a959.8037 a959.8037 EKO s0 aEko praptanto1 asejarah indonesia 10 zaman reformasi aJakarta :bBSD MIPA,c2010 aKoleksi Umum a2967 a2966